000 00465nam a22001457a 4500
020 _a9781119107231
040 _cNUST
082 _a621.4361 OUY
100 _a Ouyang, Guangyao
_998292
110 _aAn, Shijie Li, Yuxue Liu, Zhenming
_998293
245 _a Common Rail Fuel Injection Technology in Diesel Engines
260 _aHoboken:
_bWILEY,
_c2019.
650 _aCommon Rail Fuel Injection Technology in Diesel Engines.NUSTTB2022
_9102801
942 _2ddc
_cBK
999 _c591251
_d591251